Eucharistic Prayer I, II, III, or IV - Statistics

General Stats
  • This quiz has been taken 16 times
  • The average score is 6 of 13
Answer Stats
Hint Answer % Correct
"John the Baptist, Stephen, Matthias, Barnabas..."
Eucharistic Prayer I
67%
"...dewfall..." Eucharistic Prayer II
67%
"...Abel the just..." Eucharistic Prayer I
53%
"Remember, Lord, your servants ... and all gathered here, whose faith and devotion are known to you." Eucharistic Prayer I
53%
"At the time he was betrayed and entered willingly into his Passion..."
Eucharistic Prayer II
53%
"And when through disobedience..." Eucharistic Prayer IV
53%
"And you so loved the world, Father most holy, that in the fullness of time you sent your Only Begotten Son to be our Savior."
Eucharistic Prayer IV
53%
"...not weighing our merits, but granting us your pardon..." Eucharistic Prayer I
47%
"Remember also our brothers and sisters who have fallen asleep..." Eucharistic Prayer II
47%
"...all the clergy, and the entire people you have gained for your own." Eucharistic Prayer III
40%
"...from the rising of the sun to its setting..." Eucharistic Prayer III
40%
"...yet you, who alone are good, the source of life, have made all that is..." Eucharistic Prayer IV
40%
"...wondrous Resurrection and Ascension into heaven..." Eucharistic Prayer III
27%
No matching quizzes found
Score Distribution
Percent of People with Each Score
Percentile by Number Answered
Your Score History
You have not taken this quiz